000
00314nam a2200133Ia 4500
008
221030s9999 xx 000 0 und d
082
_a
105.23
_b
Sin
100
_a
B. Singh
245
0
_a
Engineering Mathrematics 1
260
_b
Malhotra Brothers
_a
Jammu
_c
2014
300
_a
502
650
_a
Math
942
_c
BK
_2
ddc
999
_c
3754
_d
3754